Organizational change (Record no. 1448987)

MARC details
000 -LEADER
fixed length control field 00599nam a2200205Ia 4500
005 - DATE AND TIME OF LATEST TRANSACTION
control field 20250923145242.0
008 - FIXED-LENGTH DATA ELEMENTS--GENERAL INFORMATION
fixed length control field 008 250917s9999 xx 000 0 eng d
037 ## - SOURCE OF ACQUISITION
Stock number Textual
040 ## - CATALOGING SOURCE
Original cataloging agency DSWL
Language of cataloging eng
Transcribing agency DSWL
041 ## - LANGUAGE CODE
Language code of text/sound track or separate title eng
Source of code eng
084 ## - COLON CLASSIFICATION NUMBER
Classification number Y8:1:7.73,d,M40, N70
Assigning agency DSWL
100 ## - MAIN ENTRY--PERSONAL NAME
Personal name Zald, Mayer N.
9 (RLIN) 833364
245 #0 - TITLE STATEMENT
Title Organizational change
Statement of responsibility, etc. by Mayer N. Zald
260 ## - PUBLICATION, DISTRIBUTION, ETC.
Place of publication, distribution, etc. Chicago
Name of publisher, distributor, etc. The University of Chicago Press
Date of publication, distribution, etc. 1970
300 ## - PHYSICAL DESCRIPTION
Extent 278p.
365 ## - TRADE PRICE
Price type code USD
Price amount 11.5
925 ## -
-- 11.5
942 ## - ADDED ENTRY ELEMENTS (KOHA)
Koha item type Textual
Classification part Y8:1:7.73,d,M40, N70
Holdings
Withdrawn status Lost status Damaged status Not for loan Home library Current library Date acquired Inventory number Total Checkouts Full call number Barcode Date last seen Price effective from Koha item type
        Department of Social Work Library Department of Social Work Library 2025-09-23 M/3849/70` 11/01/1971   Y8:1:7.73,d,M40, N70 SW0014852 2025-09-23 2025-09-23 Textual
Copyright @ Delhi University Library System